000
00476nam a2200169Ia 4500
008
090124s9999 xx 000 0 und d
082
_b
4813
100
_a
राजाध्यक्ष विजया
245
_a
रिंबे
250
_a
0
300
_a
167
600
_a
राजाध्यक्ष विजया
630
_a
रिंबे
700
_a
राजाध्यक्ष विजया
730
_a
रिंबे
942
_c
BOOK
999
_c
83872
_d
83872